| 000 | 01653nam a2200361 c 4500 | ||
|---|---|---|---|
| 003 | BLK | ||
| 005 | 20180420225935.0 | ||
| 008 | 180409b bul|||||r ||||||| ||bul|| | ||
| 010 | _aKNG00104535000 | ||
| 020 |
_a954-642-162-7 _bиздат.: Pensoft |
||
| 040 | _aBLK | ||
| 041 |
_aBUL _cBUL _hLAT |
||
| 080 |
_aОбща зоология _b591 _x(075.8) _z591(075.8) |
||
| 100 | 1 |
_aГенов, Тодор Петков _eпърви автор _9268340 |
|
| 700 | 1 |
_aБисерков, Вълко Йорданов _eсъавт. _9308101 |
|
| 700 | 1 |
_aГеоргиев, Бойко Божидаров _eсъавт. _9308102 |
|
| 139 |
_aГенов, Тодор Петков и др. _bГ 31 |
||
| 245 | 1 | 0 |
_aЗоология _bКратък курс : Учебник за студенти _cТодор Петков Генов; съавт. Вълко Йорданов Бисерков; съавт. Бойко Божидаров Георгиев. |
| 250 | _a2. изд. | ||
| 257 | _aBGR | ||
| 260 |
_аСофия _bPensoft _c2002 |
||
| 300 |
_a329 с. _bс ил., сх., табл. _c27 см |
||
| 380 | _a5 | ||
| 500 | _a1. изд. 1999 на Акад. изд. Проф. М. Дринов, Пенсофт. - Офс. изд. - Съдържа и Геохронологична таблица. - Библиогр. с. 311-312 ; Азб. показалец на термините на бълг. и лат. ез. | ||
| 650 | 4 |
_aЗоология _9156107 |
|
| 653 | _aзоология | ||
| 653 | _aучебници за ВУЗ | ||
| 852 | _aЦб ІІ 11794 | ||
| 856 | 4 |
_qpdf _u |
|
| 856 | 4 |
_qpdf _u |
|
| 942 |
_cKNG _n0 |
||
| 944 |
_aCR _c01.01.2002 _kЛюдмила_Стоянова |
||
| 944 |
_aED _c30.08.2007 _k |
||
| 999 |
_c99527 _d99527 |
||